ბათუმის შოთა რუსთაველის სახელმწიფო უნივერსიტეტის ბიბლიოთეკა

Гидравлические машины и холодильные установки. (ბიბ.ჩანაწერი № 37172)

000 -LEADER
fixed length control field 00672nam a2200217Ia 4500
001 - CONTROL NUMBER
control field 3128
003 - CONTROL NUMBER IDENTIFIER
control field GE_BSU
008 - FIXED-LENGTH DATA ELEMENTS--GENERAL INFORMATION
fixed length control field 181216s||||||||xx |||||||||||||| ||und||
040 ## - CATALOGING SOURCE
Transcribing agency GE_BSU
080 ## - UNIVERSAL DECIMAL CLASSIFICATION NUMBER
Universal Decimal Classification number 621.57(075.8)
100 ## - MAIN ENTRY--PERSONAL NAME
Personal name Пеклов,А.А.
245 ## - TITLE STATEMENT
Title Гидравлические машины и холодильные установки.
245 ## - TITLE STATEMENT
Remainder of title Учебник.
245 ## - TITLE STATEMENT
Statement of responsibility, etc. Ред. А.И.Семенова.
260 ## - PUBLICATION, DISTRIBUTION, ETC.
Place of publication, distribution, etc. Киев.
260 ## - PUBLICATION, DISTRIBUTION, ETC.
Name of publisher, distributor, etc. Выща. школа
260 ## - PUBLICATION, DISTRIBUTION, ETC.
Date of publication, distribution, etc. 1971
300 ## - PHYSICAL DESCRIPTION
Extent 280 стр. с илл. 21 см.
653 ## - INDEX TERM--UNCONTROLLED
Uncontrolled term Гидравлические машины и холодильные установки.
942 ## - ADDED ENTRY ELEMENTS (KOHA)
Koha item type წიგნი
ეგზემპლარები
Withdrawn status Lost status Damaged status Not for loan Date acquired Barcode Date last seen Price effective from Koha item type
        2018-12-17 8678 2018-12-17 2018-12-17 წიგნი
        2018-12-17 8676 2018-12-17 2018-12-17 წიგნი
        2018-12-17 8677 2018-12-17 2018-12-17 წიგნი